The system of land surveying at present adopted by surveyors and commissioners in old and new inclosures, conducted as an actual survey, on a plan consisting of open fields, ings, common and old inclosure ... (Record no. 113589)
[ view plain ]
| 000 -LEADER | |
|---|---|
| fixed length control field | 00983cam a22001935a 4500 |
| 001 - CONTROL NUMBER | |
| control field | L155476 |
| 008 - FIXED-LENGTH DATA ELEMENTS--GENERAL INFORMATION | |
| fixed length control field | 120326s1805 xxk f 000 0 eng d |
| 035 ## - SYSTEM CONTROL NUMBER | |
| System control number | (Sirsi) u155476 |
| 041 0# - LANGUAGE CODE | |
| Language code of text/sound track or separate title | eng |
| 100 1# - MAIN ENTRY--PERSONAL NAME | |
| Personal name | Stephenson, William |
| Dates associated with a name | fl. 1805-1810 |
| 245 04 - TITLE STATEMENT | |
| Title | The system of land surveying at present adopted by surveyors and commissioners in old and new inclosures, conducted as an actual survey, on a plan consisting of open fields, ings, common and old inclosure ... |
| Remainder of title | To which are added rules, shewing in what manner lines may be measured ... taking distances ... surveying large towns, cities, &c. ... |
| 260 ## - PUBLICATION, DISTRIBUTION, ETC. | |
| Place of publication, distribution, etc. | London |
| Name of publisher, distributor, etc. | printed for H.D. Symonds |
| Date of publication, distribution, etc. | 1805 |
| Manufacturer | (Knight and Compton [printer] |
| 300 ## - PHYSICAL DESCRIPTION | |
| Extent | xii, 104 p., [21] leaves of plates |
| Other physical details | ill. |
| Dimensions | 25cm. |
| -- | 4o |
| 520 ## - SUMMARY, ETC. | |
| Summary, etc. | Some of the plates are folded and some are printed on both sides. |
| 583 ## - ACTION NOTE | |
| Action | Condition reviewed |
| Time/date of action | 20120620 |
| Status | condition level 4 |
| 651 #4 - SUBJECT ADDED ENTRY--GEOGRAPHIC NAME | |
| Geographic name | Great Britain |
| Chronological subdivision | 1707- |
| 690 ## - LOCAL SUBJECT ADDED ENTRY--TOPICAL TERM (OCLC, RLIN) | |
| Topical term or geographic name as entry element | Measurement |
| 9 (RLIN) | 6256 |
| 942 ## - ADDED ENTRY ELEMENTS (KOHA) | |
| Suppress in OPAC | 0 |
| Withdrawn status | Lost status | Source of classification or shelving scheme | Damaged status | Not for loan | Home library | Current library | Shelving location | Date acquired | Total Checkouts | Full call number | Barcode | Date last seen | Copy number | Price effective from | Koha item type |
|---|---|---|---|---|---|---|---|---|---|---|---|---|---|---|---|
| Dewey Decimal Classification | Historic collection | Historic collection | Historic collection | 26/03/2012 | OCTAVO 1805 STEPHENSON | 30077235 | 06/08/2019 | 1 | 06/08/2019 | Book |